Management information systems for the information age (Record no. 7159)

MARC details
000 -LEADER
fixed length control field 00863nam a22002417a 4500
003 - CONTROL NUMBER IDENTIFIER
control field OSt
005 - DATE AND TIME OF LATEST TRANSACTION
control field 20251217031141.0
008 - FIXED-LENGTH DATA ELEMENTS--GENERAL INFORMATION
fixed length control field 251217b |||||||| |||| 00| 0 eng d
020 ## - INTERNATIONAL STANDARD BOOK NUMBER
International Standard Book Number 0-07-281947-2
040 ## - CATALOGING SOURCE
Original cataloging agency DWC-Main lib
Transcribing agency OC
082 ## - DEWEY DECIMAL CLASSIFICATION NUMBER
Edition number 4th edition
Classification number Circ. 658.4 H111m 2004
100 ## - MAIN ENTRY--PERSONAL NAME
Personal name Haag, S.
245 ## - TITLE STATEMENT
Title Management information systems for the information age
Statement of responsibility, etc. Haag, Stephen
250 ## - EDITION STATEMENT
Edition statement 4th edition
260 ## - PUBLICATION, DISTRIBUTION, ETC.
Place of publication, distribution, etc. N.Y. :
Name of publisher, distributor, etc. McGraw-Hill Comapanies Inc.,
Date of publication, distribution, etc. c2004
300 ## - PHYSICAL DESCRIPTION
Extent xxv, 550 pages ;
Other physical details colored illustration ;
Dimensions 27 cm.
Accompanying material + 2 CD ROM
504 ## - BIBLIOGRAPHY, ETC. NOTE
Bibliography, etc. note Includes bibliographical references and index.
650 ## - SUBJECT ADDED ENTRY--TOPICAL TERM
Source of heading or term Information technology.
650 ## - SUBJECT ADDED ENTRY--TOPICAL TERM
Source of heading or term Management.
700 ## - ADDED ENTRY--PERSONAL NAME
Personal name Maeve, Cummings
700 ## - ADDED ENTRY--PERSONAL NAME
Personal name Mccubbrey, Donald J.
942 ## - ADDED ENTRY ELEMENTS (KOHA)
Source of classification or shelving scheme Dewey Decimal Classification
Koha item type Book Circulation
Edition 4th edition
Classification part Circ. 658.4 H111m 2004
Call number prefix Circ.
Suppress in OPAC No
952 ## - LOCATION AND ITEM INFORMATION (KOHA)
--
Holdings
Withdrawn status Lost status Source of classification or shelving scheme Damaged status Not for loan Home library Current library Shelving location Date acquired Source of acquisition Cost, normal purchase price Total Checkouts Full call number Barcode Date last seen Copy number Price effective from Koha item type Uniform Resource Identifier
    Dewey Decimal Classification     College Library College Library Circulation 08/02/2005 School Fund 2546.00   Circ. 658.4 H111m 2004 CL42185 12/17/2025 c1 12/17/2025 BK-CIRC